Digging a distinct advantage (Record no. 34536)
[ view plain ]
| 000 -LEADER | |
|---|---|
| fixed length control field | 01148cab a2200229 4500 |
| 001 - CONTROL NUMBER | |
| control field | ABS46055 |
| 008 - FIXED-LENGTH DATA ELEMENTS--GENERAL INFORMATION | |
| fixed length control field | 090401t1992 xxu||||| |||| 00| 0 eng d |
| 035 ## - SYSTEM CONTROL NUMBER | |
| System control number | (Sirsi) u56602 |
| 041 ## - LANGUAGE CODE | |
| Language code of text/sound track or separate title | eng |
| 100 ## - MAIN ENTRY--PERSONAL NAME | |
| Personal name | Stone, S. |
| 245 ## - TITLE STATEMENT | |
| Title | Digging a distinct advantage |
| 260 ## - PUBLICATION, DISTRIBUTION, ETC. | |
| Date of publication, distribution, etc. | 1992 |
| 350 ## - PRICE (NR) (BK AM CF MU VM SE) [OBSOLETE] | |
| Price | 0 |
| 490 ## - SERIES STATEMENT | |
| Series statement | Planning (for the Natural and Built Environment) |
| Volume/sequential designation | (959) 13 March 1992, 14-15(2) |
| 520 ## - SUMMARY, ETC. | |
| Summary, etc. | Discusses York CC`s approach to development and archaeology following publication of a draft report of a study carried out by Ove Arup funded by English Heritage. York CC has published a draft leaflet summarising archaeological policies and procedures as well as setting up a development advisory service. York is one of only five Areas of Archaeological Importance designated under the Ancient Monuments and Archaeological Areas Act 1979 Part II, the others being Canterbury, Chester, Exeter and Hereford. |
| 650 ## - SUBJECT ADDED ENTRY--TOPICAL TERM | |
| Topical term or geographic name entry element | ANCIENT MONUMENTS AND ARCHAEOLOGICAL AREAS ACT 1979 |
| 650 ## - SUBJECT ADDED ENTRY--TOPICAL TERM | |
| Topical term or geographic name entry element | AREAS OF ARCHAEOLOGICAL IMPORTANCE |
| 690 ## - LOCAL SUBJECT ADDED ENTRY--TOPICAL TERM (OCLC, RLIN) | |
| Topical term or geographic name as entry element | CONSERVATION |
| 690 ## - LOCAL SUBJECT ADDED ENTRY--TOPICAL TERM (OCLC, RLIN) | |
| Topical term or geographic name as entry element | PROPERTY-PROPERTY DEVELOPMENT |
| 942 ## - ADDED ENTRY ELEMENTS (KOHA) | |
| Suppress in OPAC | 0 |
| 948 ## - LOCAL PROCESSING INFORMATION (OCLC); SERIES PART DESIGNATOR (RLIN) | |
| c (OCLC) | 04/03/1997 |
| Withdrawn status | Lost status | Source of classification or shelving scheme | Damaged status | Not for loan | Home library | Current library | Shelving location | Date acquired | Total Checkouts | Full call number | Barcode | Date last seen | Copy number | Price effective from | Koha item type |
|---|---|---|---|---|---|---|---|---|---|---|---|---|---|---|---|
| Dewey Decimal Classification | London | London | Journal article | 14/09/1999 | ABS46055 | 56602-1001 | 06/08/2019 | 1 | 06/08/2019 | Journal article |